00858nam a22001937a 4500003000900000008004100009040007100050082001600121100004900137245004900186260003700235300004300272440012300315505017100438650001400609650001300623650001400636650001400650AR-CdUCM190529b ||||| |||| 00| 0 spa d aMUNICIPALIDAD PROVINCIAL DEL CUSCOcBIBLIOTECA MUNICIPAL DEL CUSCO a909 / bG64 aStern, Alfred - Luckwaldt, Friedrich y otros aLiberalismo y nacionalismo : b(1848-1890) / aMadrid :bEspasa - Calpe,c1934. a718 páginas ; c26 cm.bFotografias. aHistoria universal : nDesarrollo de la humanidad en la sociedad y el estado, en la economía y la vida espiritual /  aContenido: t. 8: La estructura espiritual de la época -- Prehistoria e historia de los años revolucionarios -- El sistema de los estados europeos de 1850-1890...  aHistoria  aAustria  aAlemania  aSiglo XIX